Language Quiz

Random Language or Animal Quiz

French Animals Quiz Stats

 Plays Quiz not verified by Sporcle

Score 0/11 Timer 05:00
0 Plays Today
Animal (in French) Animal (in English) % Correct
ChienDog
98.1%
ChatCat
92.7%
OiseauBird
90.6%
ChevalHorse
88.9%
VacheCow
84.7%
CochonPig
82.1%
SourisMouse
80.9%
MoutonSheep
77.5%
OursBear
70.9%
RenardFox
64.4%
PouleHen
58.8%

You're not logged in!

Compare scores with friends on all Sporcle quizzes.
Join for Free
OR
Log In

You Might Also Like...

Show Comments

Extras

Top Quizzes Today


Score Distribution

Your Account Isn't Verified!

In order to create a playlist on Sporcle, you need to verify the email address you used during registration. Go to your Sporcle Settings to finish the process.

Report this User

Report this user for behavior that violates our Community Guidelines.

Details: